000 00712nam a2200217 i 4500
001 112153
003 ES-MaACL
005 20230906185444.0
007 t|
008 061121s1971 sp r ||||1| spa d
100 1 _aOrszag, A.
_987381
245 1 4 _aLos láseres
_b: principios, realizaciones, aplicaciones /
_cprólogo de... P. Grivet ; versión española de E. Bernabeu y F. [i.e., R.] Corbalán.
250 _a1ª. ed.
260 _aBarcelona :
_bToray-Masson,
_c1971.
300 _aXIV, 184 p. :
_bil. ;
_c25 cm.
650 0 4 _aLáseres.
_914052
700 1 _aGrivet, P.
_960096
700 1 _aBernabeu, E.
_928160
700 1 _aCorbalán, R. (
_d1946-)
_9151905
852 _aES-MaACL
_jC-37344
_bR.76430
999 _c112153
_d112153